000 00681nam a2200229Ia 4500
001 dia_2864
003 CHAP
005 20230331094449.0
008 220117s xx 000 0 und d
010 _a173362
040 _cCHAP
082 _a664.8 M8Y
100 _aMuller, Gunther
_979431
245 _aMicrobiologĂ­a de los Alimentos Vegetales /
_c por Gunther Muller, Peter Lietz y Hans-dieter Much.
260 _aZaragoza :
_b Acribia,
_c
300 _a291 p.
600 _aAlimentos-bacterilogĂ­a I. Lietz, Peter I.
_9153630
901 _a664.8 M8Y
902 _aM
905 _a000000 0000000000 00
942 _cLIBRO
_2ddc
999 _c173362
_d173362